Województwa Polski z lat 1975-1998 - Statystyki

Ogólne statystyki
  • Ten quiz został rozwiązany 16 razy
  • Średni wynik to 34 z 49
Statystyki odpowiedzi
Województwo % Poprawnych
białostockie
100%
bydgoskie
100%
częstochowskie
100%
gdańskie
100%
łódzkie
100%
poznańskie
100%
toruńskie
100%
kieleckie
91%
koszalińskie
91%
lubelskie
91%
olsztyńskie
91%
szczecińskie
91%
warszawskie
91%
wrocławskie
91%
katowickie
82%
krakowskie
82%
opolskie
82%
rzeszowskie
82%
zielonogórskie
82%
gorzowskie
73%
płockie
73%
radomskie
73%
słupskie
73%
suwalskie
73%
chełmskie
64%
elbląskie
64%
pilskie
64%
tarnobrzeskie
64%
tarnowskie
64%
zamojskie
64%
bielskie
55%
jeleniogórskie
55%
kaliskie
55%
konińskie
55%
nowosądeckie
55%
ostrołęckie
55%
piotrkowskie
55%
siedleckie
55%
wałbrzyskie
55%
włocławskie
55%
ciechanowskie
45%
krośnieńskie
45%
legnickie
45%
leszczyńskie
45%
łomżyńskie
45%
przemyskie
45%
bialskopodlaskie
36%
skierniewickie
36%
sieradzkie
27%
Nie znaleziono quizów pasujących do podanych kryteriów
Rozkład punktacji
Procent ludzi z każdym wynikiem
Percentyl według liczby udzielonych odpowiedzi
Twoja historia wyników
Nie rozwiązałeś tego quizu